000 00703cab a2200217 4500
001 ABS46648
008 090401t1992 xxu||||| |||| 00| 0 eng d
035 _a(Sirsi) u59005
041 _aeng
100 _aCollins, R.
245 _aFee tendering too competitive
260 _c1992
350 _a0
490 _aCS Monthly
_bthe Building Surveyor
_v1(9) June 1992, 5(1)
520 _aExamines the current situation regarding competitive tendering which is leading to fee scales being drastically reduced to obtain work.
650 _aCOMPETITIVE FEE TENDERING
650 _aFEE TENDERING
690 _aMANAGEMENT-BUSINESS MANAGEMENT-PROFESSIONAL PRACTICE
942 _n0
948 _c04/03/1997
999 _c36120
_d36120